Gaming Quiz

Random Gaming or Video Games Quiz
Score 0/30 Timer 20:00
13 Plays Today
# Game % Correct
6Tomb Raider
81%
11Spyro the Dragon
80.7%
4Super Mario 64
80.7%
30God of War
71.5%
5Resident Evil
70%
12Final Fantasy VIII
67%
22Ratchet & Clank
66.5%
23Kingdom Hearts
65.7%
18Halo: Combat Evolved
65%
14The Legend of Zelda: Majora's Mask
64.8%
17Metal Gear Solid 2: Sons of Liberty
64.8%
2Rayman
63.7%
16Pikmin
62.6%
3Tekken
61.3%
19Animal Crossing
60.7%
# Game % Correct
28World of Warcraft
59.9%
26Half-Life 2
55.8%
7Diddy Kong Racing
55.6%
13Silent Hill
49.3%
21Grand Theft Auto: Vice City
46.9%
29Devil May Cry 3: Dante's Awakening
46.6%
9Sonic Adventure
43%
10Grim Fandango
41.2%
27Katamari Damacy
35%
15Perfect Dark
34.2%
8StarCraft
28.1%
25Soul Calibur II
25.3%
1Myst
22.7%
24Fire Emblem
21.6%
20Xenosaga Episode I: Der Wille zur Macht
19.7%
Remove Ads.
Support Sporcle.
Get the best of Sporcle when you Go Orange. This ad-free experience offers more features, more stats, and more fun while also helping to support Sporcle. Thank you for becoming a member.

You're not logged in!

Compare scores with friends on all Sporcle quizzes.
OR
Log In

Show Comments

Extras

Top Quizzes Today


Score Distribution

Your Account Isn't Verified!

In order to create a playlist on Sporcle, you need to verify the email address you used during registration. Go to your Sporcle Settings to finish the process.

Report this User

Report this user for behavior that violates our Community Guidelines.

Details: